| 000 | 00949nam a22002057a 4500 | ||
|---|---|---|---|
| 005 | 20160810165047.0 | ||
| 010 | _a1516EN07 ENG-115713 | ||
| 020 |
_a9789385493034 _c220.00 |
||
| 035 | _aB-606377-412 | ||
| 035 | _aEN-99245 | ||
| 037 |
_adpl _bKKP/Ven |
||
| 037 | _bDBAD/PUB | ||
| 245 |
_aRathore SSC practice papers CGL 2015 : _b20 set of practice papers (each set contains one practi e paper of general english, reasoning, maths and general knowledge / _cedited by Kunwar Ishwar Singh Rathore |
||
| 260 |
_aU.P. _bRathore Publishers & Distributors _c2015 |
||
| 270 |
_aBasement, 260, Shaktikand-III, Indirapuram, _bGhaziabad, U.P. _e201010 |
||
| 300 |
_avarious pagings : _c25cm(pbk) _bill. |
||
| 700 | _aRathore, Kunwar Ishwar Singh | ||
| 942 |
_2ddc _cEN _h000 _mRAT |
||
| 999 |
_c95636 _d95636 |
||